00325nam a2200109Ia 4500008004000000082001700040100002900057245006400086260003600150300001300186650001600199210210b1987 xxu||||| |||| 00| 0 eng d a338.954 ADIF aADISESHIAH (Malcolm S).. aForty years of economic development: UN agencies and India. aNDbLancer international.c1987 aviii,287 aUN agencies